Normal view
MARC view
- Redlin, L
Entry Personal Name
001 - CONTROL NUMBER
- control field: 103094
003 - CONTROL NUMBER IDENTIFIER
- control field: NUST
005 - DATE AND TIME OF LATEST TRANSACTION
- control field: 20221118154038.0
008 - FIXED-LENGTH DATA ELEMENTS
- fixed length control field: 221118|| aca||aabn | a|a d
040 ## - CATALOGING SOURCE
- Original cataloging agency: NUST
- Transcribing agency: NUST
100 ## - HEADING--PERSONAL NAME
- Personal name: Redlin, L
670 ## - SOURCE DATA FOUND
- Source citation: Work cat.: (NUST)0: Stewart, James, 1941- 14812, Precalculus :, c2006.
